Arapça-Türkçe büyük lûgat. (Record no. 50854)
[ view plain ]
| 000 -LEADER | |
|---|---|
| fixed length control field | 00806cam a22002531 4500 |
| 001 - CONTROL NUMBER | |
| control field | ne 68003867 |
| 003 - CONTROL NUMBER IDENTIFIER | |
| control field | DLC |
| 005 - DATE AND TIME OF LATEST TRANSACTION | |
| control field | 20260227111847.0 |
| 008 - FIXED-LENGTH DATA ELEMENTS--GENERAL INFORMATION | |
| fixed length control field | 860129m19649999tu d 000 0 tur |
| 010 ## - LIBRARY OF CONGRESS CONTROL NUMBER | |
| LC control number | ne 68003867 |
| 035 ## - SYSTEM CONTROL NUMBER | |
| System control number | (OCoLC)13079302 |
| 040 ## - CATALOGING SOURCE | |
| Original cataloging agency | DLC |
| Transcribing agency | TxU |
| Modifying agency | DLC |
| 041 0# - LANGUAGE CODE | |
| Language code of text/sound track or separate title | turara |
| 042 ## - AUTHENTICATION CODE | |
| Authentication code | premarc |
| 050 00 - LIBRARY OF CONGRESS CALL NUMBER | |
| Classification number | PL193.A7 |
| Item number | A8 |
| 100 1# - MAIN ENTRY--PERSONAL NAME | |
| Personal name | Atay, Hüseyin. |
| 245 10 - TITLE STATEMENT | |
| Title | Arapça-Türkçe büyük lûgat. |
| Remainder of title | Muʻjam al-lughah, ʻArabī-Turkī. |
| Statement of responsibility, etc. | Hazırlayanlar: Hüseyin Atay, İbrahim Atay [ve] Mustafa Atay. |
| 260 ## - PUBLICATION, DISTRIBUTION, ETC. | |
| Place of publication, distribution, etc. | Ankara, |
| Name of publisher, distributor, etc. | Bayrak Matbaası, |
| Date of publication, distribution, etc. | 1964- |
| 300 ## - PHYSICAL DESCRIPTION | |
| Extent | v. |
| Dimensions | 24 cm. |
| 650 #0 - SUBJECT ADDED ENTRY--TOPICAL TERM | |
| Topical term or geographic name entry element | Arabic language |
| General subdivision | Dictionaries |
| -- | Turkish. |
| 700 1# - ADDED ENTRY--PERSONAL NAME | |
| Personal name | Atay, İbrahim, |
| Relator term | joint author. |
| 700 1# - ADDED ENTRY--PERSONAL NAME | |
| Personal name | Atay, Mustafa, |
| Relator term | joint author. |
| 740 0# - ADDED ENTRY--UNCONTROLLED RELATED/ANALYTICAL TITLE | |
| Uncontrolled related/analytical title | Muʻjam al-lughah, ʻArabī-Turkī. |
No items available.